Players Based On Accolades: NBA - Statistics

General Stats
  • This quiz has been taken 55 times
  • The average score is 12 of 15
Answer Stats
Career Awards Player % Correct
1984-2003 14x All Star | 10x Scoring Champ | 3x Steals Champ | 6x NBA Champ | 6x Finals MVP | 11x All NBA | ROTY | All Rookie Team | DPOY | 9x All Defensive | 3x All Star MVP | 5x MVP | Michael Jordan
100%
2003- 20x All Star | Scoring Champ | Assist Champ | 4x NBA Champ | 4x Finals MVP | 19x All NBA | ROTY | All Rookie Team | 6x All Defensive | 3x All Star MVP | 4x MVP | LeBron James
98%
2009- 10x All Star | 2x Scoring Champ | Steals Champ | 4x NBA Champ | Finals MVP | 9x All NBA | All Rookie Team | 2x All Star MVP | 2x MVP | Stephen Curry
89%
1969-1989 19x All Star | 2x Scoring Champ | TRB Champ | 4x Block Champ | 6x NBA Champ | 2x Finals MVP | 15x All NBA | 11x All Defensive | ROTY | All Rookie Team | 6x MVP | Kareem Abdul-Jabbar
87%
1996-2016 18x All Star | 2x Scoring Champ | 5x NBA Champ | 2x Finals MVP | 15x All NBA | 12x All Defensive | All Rookie Team | 4x All Star MVP | MVP | Kobe Bryant
85%
1984-2002 12x All Star | 2x TRB Champ | 3x Block Champ | 2x NBA Champ | 2x Finals MVP | 12x All NBA | 9x All Defensive | All Rookie Team | 2x DPOY | MVP | Hakeem Olajuwon
83%
1979-1996 12x All Star | 4x Assist Champ | 2x Steals Champ | 5x NBA Champ | 3x Finals MVP | 10x All NBA | All Rookie Team | 2x All Star MVP | 3x MVP | Magic Johnson
83%
1992-2011 15x All Star | 2x Scoring Champ | 4x NBA Champ | 3x Finals MVP | 14x All NBA | 3x All Defensive | ROTY | All Rookie Team | 3x All Star MVP | MVP | Shaquille O'Neal
83%
1997-2016 15x All Star | 5x NBA Champ | 3x Finals MVP | 15x All NBA | 15x All Defensive | ROTY | All Rookie Team | All Star MVP | 2x MVP | Tim Duncan
83%
1996-2010 11x All Star | 4x Scoring Champ | 3x Steals Champ | 7x All NBA | ROTY | All Rookie Team | 2x All Star MVP | MVP | Allen Iverson
77%
2003-2019 13x All Star | Scoring Champ | 3x NBA Champ | Finals MVP | 8x All NBA | 3x All Defensive | All Rookie Team | All Star MVP | Dwyane Wade
72%
1979-1992 12x All Star | 3x NBA Champ | 2x Finals MVP | 10x All NBA | 3x All Defensive | ROTY | All Rookie Team | All Star MVP | 3x MVP | Larry Bird
72%
2008- 9x All Star | 2x Scoring Champ | 3x Assist Champ | 9x All NBA | All Rookie Team | 2x All Star MVP | MVP Russell Westbrook
72%
1959-1973 13x All Star | 7x Scoring Champ | 11x TRB Champ | Assist Champ | 2x NBA Champ | Finals MVP | 10x All NBA | 2x All Defensive | ROTY | All Star MVP | 4x MVP | Wilt Chamberlain
70%
1995-2016 15x All Star | 4x TRB Champ | NBA Champ | 9x All NBA | 12x All Defensive | All Rookie Team | DPOY | All Star MVP | MVP | Kevin Garnett
57%
No matching quizzes found
Score Distribution
Percent of People with Each Score
Percentile by Number Answered
Your Score History
You have not taken this quiz